logo

Bir Sreshtho Munshi Abdur Rouf Library
Jhenaidah Cadet College

বাংলাদেশ গণিত অলিম্পিয়াড : (Record no. 10865)

MARC details
000 -LEADER
fixed length control field 00813nam a2200241 a 4500
001 - CONTROL NUMBER
JCCL Control Number 10865
003 - CONTROL NUMBER IDENTIFIER
JCCL marc code BD-JhCC
005 - DATE AND TIME OF LATEST TRANSACTION
control field 20220602134022.0
008 - FIXED-LENGTH DATA ELEMENTS--GENERAL INFORMATION
fixed length control field 190522b20192017bd ||||| a||| 00| 0 ben d
020 ## - INTERNATIONAL STANDARD BOOK NUMBER
International Standard Book Number 9789848794593
035 ## - SYSTEM CONTROL NUMBER
system control number (BD-JhCC)10865
040 ## - CATALOGING SOURCE
Original cataloging agency BD-JhCC
Modifying agency BD-JhCC
041 ## - LANGUAGE CODE
Language code of Book eng
082 ## - DEWEY DECIMAL CLASSIFICATION NUMBER
Author mark and Year BIP 2019
Classification number 510.76
100 ## - MAIN ENTRY--PERSONAL NAME
Personal name বিপ্লব, মোস্তফা কামাল
245 ## - TITLE STATEMENT
Title বাংলাদেশ গণিত অলিম্পিয়াড :
Remainder of title জুনিয়র /
Statement of responsibility, etc মোস্তফা কামাল বিপ্লব
260 ## - PUBLICATION, DISTRIBUTION, ETC. (IMPRINT)
Place of publication, distribution, etc ঢাকা, বাংলাদেশ:
Name of publisher, distributor, etc প্রতীক,
Date of publication, distribution, etc 2019.
300 ## - PHYSICAL DESCRIPTION
Pagination 399 p.
Dimensions 21 cm.
650 ## - SUBJECT ADDED ENTRY--TOPICAL TERM
Topical term or geographic name as entry element Mathematic
650 ## - SUBJECT ADDED ENTRY--TOPICAL TERM
Topical term or geographic name as entry element Mathematics Competition Olympiad
942 ## - ADDED ENTRY ELEMENTS (KOHA)
Source of classification or shelving scheme Dewey Decimal Classification
Koha item type Books
Koha issues (borrowed), all copies 7
Holdings
Source of classification or shelving scheme Damaged status Not for loan Home library Current library Shelving location Date of accession Cost, normal purchase price Total Checkouts Full call number Barcode Date last seen Date checked out Copy number Koha item type
Dewey Decimal Classification     JCC Rouf Library JCC Rouf Library General Stacks 06/23/2019 252.00 10 510.76 BIP 2019 14850 02/10/2025 01/19/2025 C-1 Books
Dewey Decimal Classification     JCC Rouf Library JCC Rouf Library General Stacks 06/08/2019 252.00 16 510.76 BIP 2019 15266 12/17/2025 11/11/2025 C-2 Books

JCC Library | Contacts | JCC Home

Last Update on 23 September 2017
Copyright @ 2017-2020 JCC Rouf Library
Rouf Library, Jhenidah Cadet College (JCC), Bangladesh